| 000 | 00612nam a2200193Ia 4500 | ||
|---|---|---|---|
| 003 | GCL | ||
| 008 | 140319s9999 xx 000 0 ara d | ||
| 040 |
_aGCL / _cGCL |
||
| 082 | 0 | 4 |
_a614.57 _bع ا |
| 100 | 1 | _aعبدالهادى مصباح المهدى | |
| 245 | 1 | 0 |
_aالايدز بين الرعب والاهتمام والحقيقة / _cعبدالهادى مصباح المهدى |
| 260 |
_a[S.N] : _bالدار المصرية اللبنانية ، _c1993 |
||
| 300 | _a350 ص | ||
| 490 | _a | ||
| 650 | 0 | 4 | _aالطب |
| 650 | 0 | 4 | _aالايدز |
| 650 | 0 | 4 | _aالصحة الجنسية |
| 942 |
_2ddc _cBK |
||
| 999 |
_c31627 _d31627 |
||